|
|
|
|
| LEADER |
00000nam0a2200000 4500 |
| 001 |
78597 |
| 005 |
20231031093911.0 |
| 010 |
|
|
|a 5212001722
|
| 035 |
|
|
|a (RuTPU)RU\TPU\book\84293
|
| 090 |
|
|
|a 78597
|
| 100 |
|
|
|a 20050627d1989 m y0rusy50 ca
|
| 101 |
0 |
|
|a rus
|
| 102 |
|
|
|a SU
|
| 105 |
|
|
|a ac z 001zy
|
| 200 |
1 |
|
|a Книга в русской и советской живописи
|f сост. Н. И. Бабурина, Б. П. Каневский, В. С. Турчин
|
| 210 |
|
|
|a Москва
|c Книга
|d 1989
|
| 215 |
|
|
|a 151 с.
|c ил.
|d 24 см.
|
| 318 |
|
|
|5 63413507
|a И такие бывают книги
|b выставка
|
| 320 |
|
|
|a Библиография в примечаниях
|
| 320 |
|
|
|a Репродукции: с. 47-146
|
| 320 |
|
|
|a Перечень репродукций: с. 147-149
|
| 320 |
|
|
|a Список сокращений: с. 150.
|
| 464 |
|
|
|t Книга и чтение в истории отечественной культуры
|f Н. И. Бабурина, Б. П. Каневский
|
| 464 |
|
|
|t Изобразительный мотив книги в русской и советской живописи
|f В. С. Турчин
|
| 610 |
1 |
|
|a история книги
|
| 610 |
1 |
|
|a книги
|
| 610 |
1 |
|
|a Россия
|
| 610 |
1 |
|
|a культура
|
| 610 |
1 |
|
|a история
|
| 610 |
1 |
|
|a живопись
|
| 610 |
1 |
|
|a СССР
|
| 675 |
|
|
|a 75(084)
|v 3
|
| 686 |
|
|
|a Ч611
|v LBC/SL-A
|2 rubbk
|
| 702 |
|
1 |
|a Бабурина
|b Н. И.
|g Нина Ивановна
|4 220
|
| 702 |
|
1 |
|a Каневский
|b Б. П.
|g Борис Петрович
|4 220
|
| 702 |
|
1 |
|a Турчин
|b В. С.
|g Валерий Стефанович
|4 220
|
| 801 |
|
1 |
|a RU
|b 63413507
|c 20050627
|g PSBO
|
| 801 |
|
2 |
|a RU
|b 63413507
|c 20101113
|g PSBO
|
| 942 |
|
|
|c BK
|